On the stable method of computing values of unbounded operators /

Đã lưu trong:
书目详细资料
主要作者: Nguyễn Văn Kính.
格式: Bài viết
语言:Vietnamese
标签: 添加标签
没有标签, 成为第一个标记此记录!
Thư viện lưu trữ: Thư viện Trường Đại học Đà Lạt
LEADER 00732nam a2200229 4500
001 DLU120138237
005 ##20120724
040 # # |a DLU  |b vie 
041 # # |a vie 
044 # # |a vn 
100 # # |a Nguyễn Văn Kính. 
245 # # |a On the stable method of computing values of unbounded operators /  |c Nguyễn Văn Kính. 
773 # # |t Thông báo khoa học chuyên ngành Toán học Trường Đại học Sư phạm Quy Nhơn  |g Số 14, 2001, tr. 27-38 
920 # # |a Phòng Tạp chí -- Trung tâm Thông tin - Thư viện Trường Đại học Đà Lạt 
994 # # |a DLU 
900 # # |a True 
911 # # |a Nguyễn Huyền Anh 
925 # # |a G 
926 # # |a A 
927 # # |a BB 
980 # # |a Thư viện Trường Đại học Đà Lạt